Sports Quiz

Random Sports or MLB Quiz

MLB Players with (5) or more 100 RBI Seasons (2000s) Quiz Stats

 Plays Quiz not verified by Sporcle

Challenge
Share
Tweet
Embed
Score 0/32 Timer 08:00
1 Play Today
Total: Player: % Correct
13xAlbert Pujols
97.5%
11xAlex Rodriguez
96.6%
10xDavid Ortiz
90.7%
12xMiguel Cabrera
90.5%
8xManny Ramirez
89.3%
7xAramis Ramirez
86.8%
6xRyan Howard
83.7%
7xAdrian Gonzalez
82.8%
5xChipper Jones
81.6%
5xAndruw Jones
81.4%
5xAdrian Beltre
81.1%
8xMark Teixeira
78.5%
6xJim Thome
77.8%
7xCarlos Beltran
77.1%
6xPrince Fielder
75.3%
6xLance Berkman
73.5%
Total: Player: % Correct
5xRyan Braun
73.2%
5xJason Giambi
72.3%
6xAdam Dunn
71.4%
6xPaul Konerko
71.4%
6xCarlos Lee
71.4%
5xDavid Wright
68.7%
7xCarlos Delgado
66.4%
5xVictor Martinez
66.4%
8xVladimir Guerrero
65.8%
5xMatt Holliday
64.2%
5xGary Sheffield
61.5%
6xMiguel Tejada
58.7%
6xMagglio Ordonez
51.2%
8xBobby Abreu
48.8%
5xJeff Kent
47.6%
5xRichie Sexson
36.7%

You're not logged in!

Compare scores with friends on all Sporcle quizzes.
Join for Free
OR
Log In

You Might Also Like...

Show Comments

Extras

Top Quizzes Today


Score Distribution

Your Account Isn't Verified!

In order to create a playlist on Sporcle, you need to verify the email address you used during registration. Go to your Sporcle Settings to finish the process.

Report this User

Report this user for behavior that violates our Community Guidelines.

Details: